Islamic society and the West (Record no. 542278)
[ view plain ]
| 000 -LEADER | |
|---|---|
| fixed length control field | 00552nam a2200169Ia 4500 |
| 020 ## - INTERNATIONAL STANDARD BOOK NUMBER | |
| International Standard Book Number | (hb) |
| 082 ## - DEWEY DECIMAL CLASSIFICATION NUMBER | |
| Classification number | 297.4 |
| Author Mark | GIB |
| -- | L31,P-2 |
| 100 ## - MAIN ENTRY--PERSONAL NAME | |
| Personal name | Gibb, H. A. R. |
| 9 (RLIN) | 37408 |
| 245 ## - TITLE STATEMENT | |
| Title | Islamic society and the West |
| Remainder of title | a study of the impact of Western civilization on Moslem culture in the near East |
| 260 ## - PUBLICATION, DISTRIBUTION, ETC. | |
| Place of publication, distribution, etc. | London : |
| Name of publisher, distributor, etc. | Oxford University Press , |
| Date of publication, distribution, etc. | 1957 |
| 300 ## - PHYSICAL DESCRIPTION | |
| Extent | 2 Vols. |
| 526 ## - STUDY PROGRAM INFORMATION NOTE | |
| Program name | 0 |
| Interest level | 0 |
| Reading level | 0 |
| Title point value | 297_400000000000000_GIB |
| 650 ## - SUBJECT ADDED ENTRY--TOPICAL TERM | |
| Topical term or geographic name entry element | MCE |
| 9 (RLIN) | 379 |
| 650 ## - SUBJECT ADDED ENTRY--TOPICAL TERM | |
| Topical term or geographic name entry element | Middle East -- Social Conditions |
| 9 (RLIN) | 37409 |
| 700 ## - ADDED ENTRY--PERSONAL NAME | |
| Personal name | Bowen, Harold |
| 9 (RLIN) | 37410 |
| 942 ## - ADDED ENTRY ELEMENTS (KOHA) | |
| Source of classification or shelving scheme | |
| Koha item type | Book |
| Withdrawn status | Lost status | Source of classification or shelving scheme | Damaged status | Not for loan | Permanent Location | Current Location | Date acquired | Total Checkouts | Full call number | Barcode | Date last seen | Price effective from | Koha item type |
|---|---|---|---|---|---|---|---|---|---|---|---|---|---|
| Military College of Engineering (MCE) | Military College of Engineering (MCE) | 10/01/2013 | 297.4 GIB | MCE-2373 | 10/01/2013 | 10/01/2013 | Book |
